000 00304nam a22001337a 4500
008 240318b ||||| |||| 00| 0 eng d
041 _aeng
080 _21955
_a51
082 _a51YOU
100 _a22
101 _aMATEMATIKA
245 _aMONOGRAPHS MODERN MATHEMATICS
_cJ.W.A.YOUNG
942 _2udc
_cBK
999 _c60609
_d60609